| 000 | 00734cab a2200193 4500 | ||
|---|---|---|---|
| 001 | WB2625-38 | ||
| 008 | 090401t1990 xxu||||| |||| 00| 0 eng d | ||
| 035 | _a(Sirsi) u71503 | ||
| 041 | _aeng | ||
| 245 | _aLondon industry space survey | ||
| 260 | _c1990 | ||
| 350 | _a0 | ||
| 490 |
_aPlanning (for the Natural and Built Environment) _vno 874 22/6/90 p8 |
||
| 520 | _aLLewelyn Davis Planning is carrying out a survey on behalf of the London Planning Advisory Committee to establish how far changes to the Use Classes Order and General Development Order have affected the availability of industrial floorspace in London . | ||
| 650 | _aOFFICE SPACE | ||
| 690 | _aPLANNING LAW AND PRACTICE | ||
| 942 | _n0 | ||
| 948 | _c04/03/1997 | ||
| 999 |
_c45085 _d45085 |
||